One Piece: Name the Alias - Statistics

General Stats
  • This quiz has been taken 293 times
  • The average score is 13 of 28
Answer Stats
Character Alias % Correct
Luffy Straw Hat
89%
Charlotte Linlin Big Mom
74%
Usopp Sogeking | Sniper king | King of the Snipers
74%
Edward Newgate Whitebeard
73%
Marshall D. Teach Blackbeard
72%
Roronoa Zoro Pirate Hunter
71%
Sanji Black Leg
70%
Nico Robin Devil Child | Demon Child
70%
Portagas D. Ace Fire Fist
68%
Marco Phoenix
65%
Brook Soul King
62%
Usopp God
53%
Shanks Red Haired
52%
Trafalgar Law Surgeon of Death
51%
Silvers Rayleigh Dark King
47%
Franky Cyborg
46%
Nami Cat Burglar
44%
Sengoku Buddha
42%
Eustass Kid Captain
39%
Boa Hancock Pirate Empress
35%
Luffy Lucy
21%
Dracule Mihawk Hawk Eyes
20%
Sanji Mr. Prince
16%
Boa Hancock Snake Princess
13%
Roronoa Zoro Moss Head
12%
Nico Robin Miss All Sunday
10%
Chopper Raccoon Dog
9%
Chopper Cotten Candy Lover
2%
No matching quizzes found
Score Distribution
Percent of People with Each Score
Percentile by Number Answered
Your Score History
You have not taken this quiz